000
00319nam a2200121Ia 4500
008
220217s9999||||xx |||||||||||||| ||und||
082
_a
004 SAD
100
_a
Sadagopan, Sowmyanarayana
245
0
_a
IT Technologies and products
260
_a
ICFAI
_b
New Delhi
_c
2006
300
_b
225
650
_a
COMPUTER SCIENCE
999
_c
174926
_d
174926